| 000 | 00668cam a2200181 4500 | ||
|---|---|---|---|
| 001 | WS119310 | ||
| 008 | 020813n 000 0 eng u | ||
| 035 | _a(Sirsi) u119310 | ||
| 110 |
_aFacility Management Association of Australia _94337 |
||
| 245 | _aFacility Management Association of Australia | ||
| 520 | _aWeb site for this Australian organisation for facility managers. Includes their code of ethics and details of publications. | ||
| 650 | _aORGANISATION | ||
| 650 | _aAUSTRALIA | ||
| 650 | _aCODE OF ETHICS | ||
| 690 |
_aFACILITIES MANAGEMENT _96240 |
||
| 856 |
_uhttps://www.fma.com.au _zView the website free of charge at www.fma.com.au... |
||
| 942 | _n0 | ||
| 999 |
_c120182 _d120182 |
||